000 00754nam a22001817a 4500
005 20120315131357.0
020 _c30.00
_a
035 _aA-927715
037 _b
_adpl
082 _a395.122
100 _aशशिकान्त
_943809
245 1 _aव्यवहार और शिष्टाचार /
_cशशिकान्त
260 _aनई दिल्ली
_bडायमंड पॉकेट बुक्स
_c1998
270 _a
_b
_e
_k
300 _a111पृ.
_c22सेमी (सजिल्द)
942 _adpl
_cHN
_k
_2ddc
_h395.122
_mशशिका
999 _c64061
_d64061